| 000 | 00451nam a2200181Ia 4500 | ||
|---|---|---|---|
| 003 | IT-RoPAU | ||
| 005 | 20220918175914.0 | ||
| 008 | 120407s9999 xx 000 0 und d | ||
| 040 |
_aIT-RoPAU _c20140514150736.0 |
||
| 040 | _cIT-RoPAU | ||
| 041 | _aita | ||
| 100 |
_aPie Discepole del Divin Maestro _924946 |
||
| 245 | _aVieni e vedi. | ||
| 260 |
_c1964 _aRoma _bRotografica Romana |
||
| 300 |
_a56 p. _c28 cm |
||
| 942 |
_cBK _2ddc |
||
| 999 |
_c35733 _d35733 |
||